00432cam a22001452 4500001001100000005001700011008004100028020002600069040001500095100002900110245007100139260003400210300001100244700003100255000000836420151217160116.0080315s xx 000 0 eng d a0521399483 :cKES 750 aKABUcKABU1 aCook, Helen.@000015892210aBananas in the pyjamas /cselected by Helen Cook and Morag Styles. aCambridge :bC. U. P.,c1991. a32 p.1 aStyles, Morag.@0000158923